Random Knowledge Quiz #12 - Statistics

General Stats
  • This quiz has been taken 264 times
  • The average score is 8 of 15
Answer Stats
Question Answer % Correct
What is the most consumed beverage in the world? Water
85%
Kevin Conroy, George Clooney, Michael Keaton, Robert Pattinson, Christian Bale, and Val Kilmer have all played what character? Batman
82%
Chrysanthemum, dandelion, chamomile, and jasmine are all flowers but also types of...? Tea
81%
Name one of the two planets that do not have any moons. Venus or Mercury
81%
Which herb is used in a Mojito? Mint
77%
When did the Berlin Wall fall? November 9, 1989
77%
What does BRB mean? Be right back
76%
What is the oldest currency in the world still in use? The British Pound
55%
The ABC song shares its melody with what other common nursery rhyme? Twinkle, Twinkle, Little Star
53%
Which footballer scored a goal with 'The Hand of God'? Diego Maradona
52%
Which late night host is said to look a lot like Finland's former president Tarja Halonen? Conan O'Brien
25%
As of 2023, what is the most expensive TV series ever made? The Lord of the Rings: Rings of Power
21%
What is the name of the dog in the Asterix comics? Dogmatix
18%
After the Bible, what is the second most translated book? The Little Prince
5%
What does Daenerys call Drogo in Game of Thrones? My Sun and Stars
3%
No matching quizzes found
Score Distribution
Percent of People with Each Score
Percentile by Number Answered
Your Score History
You have not taken this quiz